[Event "AUTO-OPEN-4517"]
[Site "http://www.queenalice.com/game.php?id=1833844"]
[Date "2024.3.20"]
[Round "1"]
[White "Kapablanca"]
[Black "Kn1ght1962"]
[Result "1-0"]
[WhiteElo "2187"]
[BlackElo "1838"]

1. d4 d5 2. c4 dxc4 3. e4 e5 4. d5 Nf6 5. Nc3 Bb4 6. Qc2 Nbd7 7. Bxc4 Nc5 8. f3
h6 9. Ne2 a6 10. O-O Ba5 11. a3 Bb6 12. Kh1 Qd6 13. b4 Ncd7 14. Bb2 Nh5 15. Rac1
Ndf6 16. Bd3 c6 17. Rfd1 Bc7 18. dxc6 b6 19. Bxa6 Qe6 20. Bxc8 Rxc8 21. b5 O-O
22. Nd5 Nxd5 23. Rxd5 f6 24. Rcd1 Rfd8 25. Qb3 Rxd5 26. Rxd5 Kh7 27. Bc3 Qe7 28.
Bb4 Qf7 29. Qd1 f5 30. Rd7 Qg6 31. exf5 Qxf5 32. Qd3 e4 33. Qxe4 Qxe4 34. fxe4
Be5 35. g3 Nf6 36. Rb7 Nxe4 37. Rxb6 Bc7 38. Rb7 h5 39. Nd4 Ng5 40. Kg2 Be5 41.
Nf3 Nxf3 42. Kxf3 Kh6 43. a4 g5 44. a5 g4+ 45. Kg2 Rd8 46. Rd7 Re8 47. Re7 Rf8
48. Rxe5 Kg6 49. Bxf8 1-0

[Event "AUTO-OPEN-4517"]
[Site "http://www.queenalice.com/game.php?id=1833845"]
[Date "2024.3.20"]
[Round "1"]
[White "Kn1ght1962"]
[Black "Kapablanca"]
[Result "0-1"]
[WhiteElo "1824"]
[BlackElo "2186"]

1. e4 e6 2. Nf3 d5 3. exd5 exd5 4. d4 Nf6 5. h3 Bd6 6. Nc3 O-O 7. Be3 c6 8. a3
Qc7 9. Qd2 Bf5 10. Ng5 h6 11. Nf3 Nbd7 12. Bxh6 gxh6 13. Qxh6 Rfe8+ 14. Be2 Bf8
15. Qg5+ Bg6 16. Nh4 Nh7 17. Qg4 Ndf6 18. Qf3 Bg7 19. Nxg6 fxg6 20. O-O-O Rf8
21. Bd3 Ne4 22. Qe2 Nxf2 23. Qe6+ Qf7 24. Qxf7+ Rxf7 25. Rhf1 Nxd1 26. Rxd1 Rf2
27. g4 Bxd4 28. Bxg6 Bxc3 29. bxc3 Raf8 30. Bf5 Ng5 31. h4 Ne4 32. c4 Ng3 33.
Be6+ Kg7 34. cxd5 cxd5 35. Rxd5 Rf1+ 36. Kb2 Kh8 37. g5 R1f4 38. g6 Rxh4 39. Rd7
Nh5 40. Rxb7 a5 41. c4 Ng7 42. Bf7 Rh5 43. Rc7 Rb8+ 44. Kc3 a4 45. Bd5 Rh3+ 46.
Kd4 Rxa3 47. c5 Rg3 48. c6 Rxg6 49. Kc5 Nf5 50. Be4 Rg5 51. Rb7 Rc8 52. Kb6 Nd6
53. Ra7 Rb5+ 54. Ka6 a3 55. Rd7 Ra8+ 56. Ra7 Rxa7+ 57. Kxa7 a2 58. Ka6 a1=R# 0-1

[Event "AUTO-OPEN-4517"]
[Site "http://www.queenalice.com/game.php?id=1833856"]
[Date "2024.3.20"]
[Round "1"]
[White "Kn1ght1962"]
[Black "fbenevides2019"]
[Result "0-1"]
[WhiteElo "1827"]
[BlackElo "1100"]

1. e4 Nc6 2. d3 e5 3. a3 Nf6 4. h3 Bc5 5. Qf3 h6 6. Ne2 Nd4 7. Nxd4 Bxd4 8. c3
Bc5 9. Qg3 g5 10. Qxe5+ Be7 11. g4 d6 12. Qd4 c5 13. Qc4 b5 14. Qxb5+ Nd7 15.
Nd2 O-O 16. Nf3 a6 17. Qb3 a5 18. a4 Rb8 19. Qc2 Bb7 20. Qd2 d5 21. h4 dxe4 22.
Nxg5 e3 23. Qxe3 Bxh1 24. Ne4 Bxe4 25. dxe4 Rb6 26. Qxh6 Rxh6 27. Bxh6 Re8 28.
Bc4 Bxh4 29. Be3 Rxe4 30. O-O-O Rxc4 31. f4 Qe7 32. Rd3 Rxa4 33. Kc2 Ra1 34. f5
c4 35. f6 Bxf6 36. g5 cxd3+ 37. Kd2 Bxg5 38. Bxg5 Qxg5+ 39. Kxd3 Qd5+ 40. Kc2
Qd1# 0-1

[Event "AUTO-OPEN-4517"]
[Site "http://www.queenalice.com/game.php?id=1833857"]
[Date "2024.3.20"]
[Round "1"]
[White "fbenevides2019"]
[Black "Kn1ght1962"]
[Result "1-0"]
[WhiteElo "1100"]
[BlackElo "1827"]

1. e4 e5 2. Nf3 d6 3. Nc3 a6 4. d3 h6 5. d4 exd4 6. Qxd4 Nc6 7. Qd2 Nf6 8. h3
Be7 9. Bd3 Be6 10. O-O Qd7 11. Qf4 Bxh3 12. gxh3 Qxh3 13. Qg3 Qe6 14. Re1 O-O-O
15. a3 Rdg8 16. Kf1 h5 17. Nh4 Ng4 18. f3 Qf6 19. Ke2 g5 20. Nf5 Nd4+ 21. Nxd4
Qxd4 22. Nd5 Re8 23. fxg4 h4 24. Qh3 Bf6 25. Nxf6 Qxf6 26. Kd1 Kb8 27. Rf1 Qd4
28. Rxf7 Rxe4 29. c3 Qd5 30. Rf5 Qe6 31. Bxe4 Qxe4 32. Rxg5 Re8 33. Bd2 Ka7 34.
Qxh4 Qa4+ 35. Kc1 Re2 36. Rd5 Qe4 37. Rd4 Qf3 38. Kc2 d5 39. Re1 Rxe1 40. Qxe1
c5 41. Rf4 Qh3 42. Qe3 Qh7+ 43. Kb3 b6 44. Qe8 c4+ 45. Ka2 a5 46. Rf7+ Qxf7 47.
Qxf7+ Ka6 48. a4 b5 49. Be3 bxa4 50. Qa7+ Kb5 51. Qb6# 1-0

[Event "AUTO-ADV-4776"]
[Site "http://www.queenalice.com/game.php?id=1833999"]
[Date "2024.3.22"]
[Round "1"]
[White "Pumpernickel"]
[Black "Kn1ght1962"]
[Result "1-0"]
[WhiteElo "1978"]
[BlackElo "1868"]

1. e4 e5 2. Nf3 d6 3. Bc4 Qf6 4. h3 a6 5. a4 Nc6 6. d3 Nd4 7. Nxd4 exd4 8. Nd2
h6 9. Qf3 Qxf3 10. Nxf3 c5 11. O-O Nf6 12. Bf4 Bd7 13. e5 dxe5 14. Nxe5 Be6 15.
Bxe6 fxe6 16. Ng6 Rg8 17. Nxf8 Kxf8 18. Bd6+ Kf7 19. Bxc5 Rad8 20. f4 Kg6 21.
Rac1 Kh7 22. Rfe1 Rge8 23. Re2 Nd5 24. Bxd4 Nxf4 25. Re4 Nh5 26. Rce1 Ng3 27.
Rg4 Nf5 28. Bc3 b5 29. axb5 axb5 30. Rge4 Rd6 31. Re5 Ng3 32. Rxb5 Rd7 33. Kh2
Nf5 34. Rxf5 Rdd8 35. Rf7 Rg8 36. Rxe6 Ra8 37. Ree7 Kg6 38. Rxg7+ Rxg7 39. Rxg7+
Kh5 40. g4+ Kh4 41. Be1# 1-0

[Event "AUTO-ADV-4776"]
[Site "http://www.queenalice.com/game.php?id=1834000"]
[Date "2024.3.22"]
[Round "1"]
[White "Kn1ght1962"]
[Black "Pumpernickel"]
[Result "1-0"]
[WhiteElo "1822"]
[BlackElo "1998"]

1. e4 d6 2. d4 e5 3. d5 Nf6 4. Bd3 Be7 5. h3 O-O 6. Nf3 c6 7. dxc6 bxc6 8. Be3
Nbd7 9. Nc3 a5 10. Qd2 d5 11. Bg5 Re8 12. a3 Ba6 13. Bxa6 Rxa6 14. exd5 Nxd5 15.
Nxd5 cxd5 16. Qxd5 Bxg5 17. Rd1 Nf8 18. Qb5 Ree6 19. Rxd8 Bxd8 20. O-O f6 21.
Rd1 Rad6 22. Re1 Rb6 23. Qxa5 Rec6 24. Qd5+ Ne6 25. Nh4 Rd6 26. Qc4 Rbc6 27. Qg4
Rxc2 28. Nf5 Rdc6 29. Kh2 Rxf2 30. Rd1 Rxb2 31. Rxd8+ Nxd8 32. Qxg7# 1-0

[Event "AUTO-ADV-4776"]
[Site "http://www.queenalice.com/game.php?id=1834011"]
[Date "2024.3.22"]
[Round "1"]
[White "Jomaley"]
[Black "Kn1ght1962"]
[Result "0-1"]
[WhiteElo "1627"]
[BlackElo "1845"]

1. e4 e5 2. Nf3 d6 3. Bb5+ c6 4. Bc4 Qf6 5. d3 h6 6. Nc3 Ne7 7. g4 g5 8. h4 Bxg4
9. hxg5 Qg6 10. gxh6 Bxh6 11. Bxh6 Rxh6 12. Rxh6 Qxh6 13. Qe2 Qh1+ 14. Qf1 Qxf3
15. Ne2 Nd7 16. O-O-O Nc5 17. b3 b5 18. Bxf7+ Qxf7 19. Ng3 O-O-O 20. Nf5 Nxf5
21. exf5 Qxf5 22. a4 bxa4 23. bxa4 Qf4+ 24. Rd2 Qxa4 25. Re2 Qa1+ 0-1

[Event "AUTO-ADV-4776"]
[Site "http://www.queenalice.com/game.php?id=1834012"]
[Date "2024.3.22"]
[Round "1"]
[White "Kn1ght1962"]
[Black "Jomaley"]
[Result "1-0"]
[WhiteElo "1861"]
[BlackElo "1620"]

1. e4 e5 2. Nf3 Bd6 3. Bc4 Nh6 4. a3 c6 5. d3 Qb6 6. Ng5 Ng4 7. Qxg4 f6 8. Nf3
Bc5 9. Qxg7 Bxf2+ 10. Kd1 Rf8 11. Qxh7 c5 12. Bh6 Qd6 13. Bxf8 Qxf8 14. Qg6+ Kd8
15. Nbd2 Nc6 16. Rf1 Bd4 17. Nxd4 Nxd4 18. Rxf6 Qe7 19. Bd5 a5 20. Qg5 Kc7 21.
Bc4 d6 22. a4 Be6 23. Bxe6 Nxe6 24. Qg6 Nd4 25. Rf7 Qxf7 26. Qxf7+ Kc6 27. Nc4
b5 28. Qd5+ 1-0

[Event "AUTO-ADV-4776"]
[Site "http://www.queenalice.com/game.php?id=1834019"]
[Date "2024.3.22"]
[Round "1"]
[White "Kn1ght1962"]
[Black "miguel7"]
[Result "1-0"]
[WhiteElo "1773"]
[BlackElo "1827"]

1. e4 e5 2. Nf3 Nc6 3. a3 a6 4. d3 h6 5. Be3 d6 6. Qd2 f5 7. exf5 Bxf5 8. h3 Nf6
9. Nc3 Be7 10. O-O-O d5 11. d4 e4 12. Ne5 Nxe5 13. dxe5 Nd7 14. Qxd5 c6 15. Qc4
Rc8 16. e6 b5 17. Qb3 Bg5 18. exd7+ Bxd7 19. Kb1 a5 20. Nxe4 Be7 21. Be2 a4 22.
Qc3 O-O 23. g4 Rb8 24. h4 Bxh4 25. f3 Be7 26. Bd3 Rxf3 27. Bxh6 Rf7 28. Be3 Bxg4
29. Rdg1 Bf3 30. Rh3 Bxe4 31. Bxe4 Bf6 32. Qb4 Be7 33. Qc3 Bf6 34. Qc5 Qf8 35.
Bh7+ Kh8 36. Bg6+ Kg8 37. Qh5 1-0

[Event "AUTO-ADV-4776"]
[Site "http://www.queenalice.com/game.php?id=1834020"]
[Date "2024.3.22"]
[Round "1"]
[White "miguel7"]
[Black "Kn1ght1962"]
[Result "1-0"]
[WhiteElo "1757"]
[BlackElo "1856"]

1. e4 e5 2. f4 exf4 3. Nf3 a6 4. Bc4 Qf6 5. e5 Qg6 6. O-O Nc6 7. d4 b6 8. Bxf4
Bb7 9. Ng5 h6 10. Bxf7+ Qxf7 11. Nxf7 Kxf7 12. Bxh6+ Ke6 13. Qg4+ Ke7 14. Bg5+
Ke8 15. e6 dxe6 16. Qxe6+ Nge7 17. d5 Nd4 18. Rxf8+ Kxf8 19. Qxe7+ Kg8 20. Qxc7
Rf8 21. Nc3 Bxd5 22. Nxd5 Rh5 23. Qc4 Ne6 24. Nf4 Rxf4 25. Bxf4 Kf7 26. Rf1 Rf5
27. g4 Rc5 28. Bd6+ Kg8 29. Bxc5 bxc5 30. Re1 1-0

[Event "AUTO-ADV-4778"]
[Site "http://www.queenalice.com/game.php?id=1834369"]
[Date "2024.3.31"]
[Round "1"]
[White "Kn1ght1962"]
[Black "maurice916"]
[Result "1-0"]
[WhiteElo "1792"]
[BlackElo "1864"]

1. e4 c6 2. d4 d5 3. exd5 cxd5 4. h3 Nf6 5. f3 Nc6 6. Nc3 h6 7. Nge2 Bf5 8. g4
Bh7 9. Be3 Qb6 10. b3 e6 11. Nf4 Rc8 12. Nb5 a6 13. Nc3 Ne7 14. Qd2 Qb4 15. Nfe2
g5 16. a3 Qd6 17. f4 Ne4 18. Nxe4 dxe4 19. Nc3 Nd5 20. Nxd5 exd5 21. O-O-O Qxa3+
22. Kb1 Bb4 23. c3 Bxc3 24. Qa2 Qb4 25. Rc1 O-O 26. Rh2 Rc6 27. Rhc2 Rfc8 28.
fxg5 hxg5 29. Qa4 Qxa4 30. bxa4 Kg7 31. Ka2 f6 32. Kb3 Bg8 33. Rxc3 Kf7 34. a5
Ke6 35. h4 gxh4 36. Bh3 Bh7 37. g5+ f5 38. Rxc6+ Rxc6 39. Rxc6+ bxc6 40. Kb4 Kd6
41. Bf4+ Kd7 42. Kc5 Bg6 43. Kb6 c5 44. dxc5 Kc8 45. Kxa6 d4 46. Kb6 e3 47. Bf1
d3 48. Bxd3 h3 49. a6 Bh5 50. a7 e2 51. a8=Q+ Kd7 52. Qd5+ Ke7 53. Qe5+ Kf7 54.
Bxe2 1-0

[Event "AUTO-ADV-4778"]
[Site "http://www.queenalice.com/game.php?id=1834382"]
[Date "2024.3.31"]
[Round "1"]
[White "Rafale2000"]
[Black "Kn1ght1962"]
[Result "0-1"]
[WhiteElo "2055"]
[BlackElo "1853"]

1. e4 e5 2. Nf3 d6 3. d4 exd4 4. Qxd4 Nc6 5. Bb5 Bd7 6. Nc3 Nxd4 7. Nxd4 a6 8.
Bd3 c6 9. O-O Nf6 10. f4 Be7 11. Bd2 h6 12. Rae1 c5 13. Nf3 Qb6 14. e5 dxe5 15.
Rxe5 c4+ 16. Be3 Qxb2 17. Bc5 Be6 18. Bxe7 cxd3 19. Bxf6 dxc2 20. Bxg7 Rg8 21.
Rxe6+ fxe6 22. Be5 c1=Q 0-1

[Event "AUTO-ADV-4778"]
[Site "http://www.queenalice.com/game.php?id=1834383"]
[Date "2024.3.31"]
[Round "1"]
[White "Kn1ght1962"]
[Black "Rafale2000"]
[Result "0-1"]
[WhiteElo "1766"]
[BlackElo "2069"]

1. e4 Nf6 2. d3 e5 3. a3 Bc5 4. Qf3 Nc6 5. Qg3 d6 6. Qxg7 Rg8 7. Qh6 Nd4 8. Kd2
d5 9. exd5 Nxd5 10. Qxh7 Qg5+ 11. Kd1 Qg4+ 12. Ne2 Bf5 13. h3 Bxh7 14. hxg4 Bg6
15. Nbc3 c6 16. Be3 Nxe3+ 17. fxe3 Nxe2 18. Kxe2 O-O-O 19. Rd1 f5 20. gxf5 Bxf5
21. e4 Bg4+ 22. Kd2 Bxd1 23. Nxd1 Rg3 24. Kc1 Rdg8 25. Kb1 Kd7 26. Nc3 a6 27. b4
Be7 28. Na4 Kc7 29. Rh7 R8g7 30. Rh5 Bg5 31. Nc5 Re7 32. a4 Be3 33. Nb3 Rf7 34.
Be2 Rxg2 35. Rxe5 Rxe2 36. a5 Rff2 37. Re7+ Kb8 38. e5 Rxc2 39. Re8+ Ka7 40. Nc5
Rc1# 0-1

[Event "AUTO-ADV-4778"]
[Site "http://www.queenalice.com/game.php?id=1834392"]
[Date "2024.3.31"]
[Round "1"]
[White "Kn1ght1962"]
[Black "shmurtz91"]
[Result "0-1"]
[WhiteElo "1787"]
[BlackElo "1866"]

1. e4 Nc6 2. d3 e5 3. a3 h6 4. h3 Nf6 5. Nf3 d5 6. exd5 Nxd5 7. Nc3 Nf4 8. Be3
Bf5 9. g3 Ne6 10. Qd2 Ncd4 11. Nxe5 Bd6 12. Nc4 Nf3+ 13. Ke2 Nxd2 14. Kxd2 O-O
15. Rd1 Bc5 16. Kc1 Bxe3+ 17. Nxe3 Bh7 18. Bg2 c6 19. Rhe1 Qf6 20. Ne4 Qd4 21.
h4 f5 22. Nc3 f4 23. Ng4 fxg3 24. fxg3 Qxg4 25. Ne2 Rad8 26. Nc3 Rf2 27. Be4 Nd4
28. Bxh7+ Kxh7 29. Kb1 Rxc2 30. Re4 Qxg3 31. Rxd4 Rxb2+ 32. Kxb2 Rxd4 33. Kc2
Qxh4 34. Ne2 Ra4 35. Kb3 b5 36. Nc3 Qg4 37. Kb2 Rf4 38. Kb3 Qe6+ 39. Kc2 a5 40.
Rd2 b4 41. Re2 Qg4 42. Re4 bxc3 43. a4 h5 44. Kxc3 Rxe4 45. dxe4 h4 0-1

[Event "AUTO-ADV-4778"]
[Site "http://www.queenalice.com/game.php?id=1834393"]
[Date "2024.3.31"]
[Round "1"]
[White "shmurtz91"]
[Black "Kn1ght1962"]
[Result "1-0"]
[WhiteElo "1871"]
[BlackElo "1791"]

1. d4 d5 2. c4 dxc4 3. e4 Nc6 4. d5 Ne5 5. Bf4 f6 6. Bxe5 fxe5 7. Qh5+ g6 8.
Qxe5 Nf6 9. Nc3 Bh6 10. Bxc4 c6 11. Nge2 Rf8 12. Rd1 Qb6 13. Na4 Qb4+ 14. Qc3
Qxc3+ 15. Naxc3 Ng4 16. O-O Ne5 17. Bb3 cxd5 18. Nxd5 Kf7 19. f4 Ng4 20. Nc7+
Kg7 21. Nxa8 Ne3 22. Nc7 Bg4 23. Ne6+ Bxe6 24. Bxe6 b5 25. Rd7 Nxf1 26. Rxe7+
Kf6 27. Rxh7 Kxe6 28. Rxh6 Ne3 29. Rxg6+ Kf7 30. Ra6 Ra8 31. Nd4 b4 32. Nc6 Rc8
33. Rxa7+ Kf6 34. Nxb4 Ng4 35. Ra6+ Kg7 36. g3 Rc1+ 37. Kg2 Rc4 38. h3 Ne3+ 39.
Kf3 Nd1 40. Nd3 Rc2 41. b4 Rc3 42. Ke2 Nb2 43. Nxb2 Rc2+ 44. Kf3 Rxb2 45. a3
Rb3+ 46. Kg4 Rc3 47. b5 Rc5 48. b6 Rc8 49. b7 Rb8 50. Rb6 Kf7 51. a4 Ke7 52. a5
Kd7 53. f5 Kc7 54. f6 Rg8+ 55. Kf5 Rxg3 56. b8=Q+ 1-0

[Event "AUTO-OPEN-4519"]
[Site "http://www.queenalice.com/game.php?id=1834451"]
[Date "2024.4.2"]
[Round "1"]
[White "mvson33"]
[Black "Kn1ght1962"]
[Result "1-0"]
[WhiteElo "1852"]
[BlackElo "1814"]

1. Nf3 d5 2. d4 h6 3. e3 a6 4. b3 e6 5. Be2 Nc6 6. O-O Bd6 7. c4 dxc4 8. Bxc4
Nf6 9. Bb2 Bd7 10. Nc3 Qe7 11. Rc1 O-O-O 12. Qc2 g5 13. Ne4 g4 14. Nxd6+ Qxd6
15. Ne5 Nb4 16. Nxf7 Qe7 17. Ba3 a5 18. Bxb4 Qxf7 19. Bc3 h5 20. Bxa5 Bc6 21.
Bc3 h4 22. Qb2 h3 23. d5 hxg2 24. Rfe1 Qh5 25. Kxg2 Qxh2+ 26. Kf1 Rhf8 27. Be5
Ne4 28. Bxh2 g3 29. Bg1 exd5 30. Bxd5 Bxd5 31. Red1 Rd6 32. Rc2 Bc6 33. Rxd6
Nxd6 34. Ke1 g2 35. Ke2 Ne4 36. Qg7 Rd8 37. Qg4+ Kb8 38. Rxc6 Rd2+ 39. Ke1 bxc6
40. Qxe4 Rxa2 41. Qxg2 Rb2 42. Bh2 Kb7 43. Bxc7 Kxc7 44. Qg7+ Kb6 45. Qxb2 c5
46. f4 1-0

[Event "AUTO-OPEN-4519"]
[Site "http://www.queenalice.com/game.php?id=1834452"]
[Date "2024.4.2"]
[Round "1"]
[White "Kn1ght1962"]
[Black "mvson33"]
[Result "0-1"]
[WhiteElo "1800"]
[BlackElo "1886"]

1. e4 e5 2. a3 Nf6 3. d3 Be7 4. Be3 Nc6 5. c3 O-O 6. Qd2 b6 7. Nf3 Bb7 8. Ng5 d5
9. exd5 Nxd5 10. Ne4 Nxe3 11. Qxe3 Re8 12. Nbd2 Rc8 13. h3 Nb8 14. O-O-O f5 15.
Ng3 f4 16. Qxe5 fxg3 17. Qxg3 Nd7 18. d4 Nf6 19. h4 Bd6 20. Qd3 Ne4 21. Nxe4
Bxe4 22. Qc4+ Kh8 23. f3 Bf4+ 24. Rd2 Bxd2+ 25. Kxd2 Bb7 26. Bd3 Qe7 27. Be2 Qe6
28. Qd3 c5 29. Re1 cxd4 30. Kc2 dxc3 31. b3 Rcd8 32. Qe4 Qxe4+ 33. fxe4 Bxe4+
34. Kxc3 Bxg2 35. a4 Bf3 36. Rf1 Bxe2 37. Rf7 a6 38. Kb4 h6 39. Ra7 Re4+ 40. Ka3
Rxh4 41. a5 bxa5 42. Rb7 Rh3 43. Rb6 Bc4 44. Ka4 Bb5+ 45. Ka3 Rdd3 46. Rb8+ Kh7
47. Kb2 Rxb3+ 48. Ka2 Rbg3 49. Rc8 Rg2+ 50. Kb1 Bd3+ 51. Ka1 Rh1+ 52. Rc1 Rxc1#
0-1

[Event "AUTO-OPEN-4519"]
[Site "http://www.queenalice.com/game.php?id=1834473"]
[Date "2024.4.2"]
[Round "1"]
[White "TammieM3ENF"]
[Black "Kn1ght1962"]
[Result "0-1"]
[WhiteElo "1057"]
[BlackElo "1812"]

1. d4 d5 2. e3 a6 3. f4 Bf5 4. e4 Bxe4 5. f5 e6 6. fxe6 fxe6 7. c3 Nc6 8. g4
Bxh1 9. b4 Qh4+ 10. Kd2 Nf6 11. a4 Qxh2+ 12. Ne2 Bf3 13. g5 Ne4+ 14. Kc2 Be7 15.
c4 Nxb4+ 16. Kb2 dxc4 17. Nd2 Nd3+ 18. Kc2 Bxg5 19. Ra3 Qd6 20. Rxd3 cxd3+ 21.
Kxd3 O-O-O 22. d5 Qxd5+ 23. Kc2 Qa2+ 24. Bb2 Qxa4+ 25. Kb1 Nxd2+ 26. Kc1 Nxf1+
27. Kb1 Rxd1+ 28. Nc1 Rhd8 29. Bxg7 Rxc1+ 30. Kb2 Bd5 31. Bc3 Qa2# 0-1

[Event "AUTO-OPEN-4519"]
[Site "http://www.queenalice.com/game.php?id=1834485"]
[Date "2024.4.2"]
[Round "1"]
[White "BeatifulDevil56"]
[Black "Kn1ght1962"]
[Result "1-0"]
[WhiteElo "1953"]
[BlackElo "1811"]

1. c4 e6 2. Nf3 h6 3. Nc3 a6 4. d4 Bb4 5. Bd2 Nf6 6. e3 Nc6 7. a3 Ba5 8. b4 Bb6
9. c5 Ba7 10. b5 Ne7 11. a4 Ned5 12. Nxd5 Nxd5 13. Bc4 d6 14. Bxd5 exd5 15. c6
b6 16. O-O Qf6 17. Ne1 Qg6 18. Kh1 h5 19. h3 h4 20. f4 Bf5 21. Nf3 Be4 22. Rg1
Bf5 23. Be1 Qf6 24. Bf2 O-O-O 25. Qe1 Be4 26. Bxh4 g5 27. Bxg5 Qg6 28. Nh4 Qe6
29. Qg3 Rh7 30. Bxd8 Kxd8 31. Qg8+ Qe8 32. Qg5+ Kc8 33. Kh2 Rh8 34. Qg3 f5 35.
Qe1 Qe7 36. Ng6 Rxh3+ 37. Kxh3 Qh7+ 38. Qh4 Qxh4+ 39. Kxh4 Kb8 40. Ne7 Ka8 41.
Kg5 a5 42. Nxf5 Bxf5 43. Kxf5 Bb8 44. Ke6 Ka7 45. Kxd5 Ka8 46. f5 Ka7 47. f6 Ka8
48. f7 Ka7 49. f8=Q Ka8 50. Qc8 1-0

[Event "AUTO-OPEN-4519"]
[Site "http://www.queenalice.com/game.php?id=1834486"]
[Date "2024.4.2"]
[Round "1"]
[White "Kn1ght1962"]
[Black "BeatifulDevil56"]
[Result "0-1"]
[WhiteElo "1774"]
[BlackElo "1972"]

1. e4 e5 2. Nf3 Nc6 3. a3 d6 4. h3 f5 5. exf5 Bxf5 6. d3 Nf6 7. Nc3 a6 8. Bg5
Be7 9. Be2 O-O 10. Qd2 Kh8 11. O-O Qd7 12. g4 Nxg4 13. Nh4 Nf6 14. Nxf5 Qxf5 15.
Qe3 h6 16. Bxf6 Rxf6 17. Bg4 Qg6 18. Nd5 Rf7 19. c3 h5 20. f3 Bg5 21. f4 hxg4
22. hxg4 exf4 23. Qf3 Ne5 24. Qh3+ Qh6 25. Qf3 Nxf3+ 26. Rxf3 c6 27. Nb4 Bh4 28.
Kg2 g5 29. d4 Qe6 30. Kh3 Qe2 31. Raf1 Raf8 32. Nd3 Rh7 33. Nc1 Be1# 0-1

[Event "Game 1A"]
[Site "http://www.queenalice.com/game.php?id=1834896"]
[Date "2024.4.10"]
[Round "-"]
[White "shady66"]
[Black "Kn1ght1962"]
[Result "0-1"]
[WhiteElo "1630"]
[BlackElo "1762"]

1. e4 e5 2. Bc4 Qf6 3. Nf3 d6 4. h3 a6 5. d3 h6 6. a3 Ne7 7. b4 b5 8. Ba2 Nbc6
9. Be3 Ng6 10. Nbd2 Be6 11. c3 Be7 12. Bd5 Bd7 13. Qe2 Nf4 14. Bxf4 Qxf4 15. Ba2
g5 16. Bd5 O-O-O 17. Nb3 g4 18. Nh4 Bxh4 19. Bxc6 Bxc6 20. Na5 Bd7 21. g3 Bxg3
22. fxg3 Qxg3+ 23. Kd2 gxh3 24. Rag1 Qf4+ 25. Kc2 Qf6 26. Qe3 Qe6 27. Ra1 Rdg8
28. Qa7 Kd8 29. Qxa6 Rg2+ 30. Kb1 h2 31. Qa7 Rg1+ 32. Qxg1 hxg1=Q+ 33. Rxg1 Qh3
34. Kb2 Qxd3 35. Rg7 Qd2+ 36. Kb3 Be6+ 37. c4 Qd3+ 0-1

[Event "Game 1B"]
[Site "http://www.queenalice.com/game.php?id=1834897"]
[Date "2024.4.10"]
[Round "-"]
[White "Kn1ght1962"]
[Black "shady66"]
[Result "1/2-1/2"]
[WhiteElo "1793"]
[BlackElo "1619"]

1. e4 e5 2. Nf3 Nc6 3. a3 a6 4. h3 Bc5 5. d3 h6 6. Nc3 Nf6 7. Nd5 d6 8. Bd2 Nxd5
9. c4 Nf6 10. Be2 Bxf2+ 11. Kxf2 Nh5 12. Nxe5 Qf6+ 13. Nf3 O-O 14. Bc3 Qg6 15.
Nh4 Qg3+ 16. Kg1 Qxh4 17. Bxh5 Qg3 18. Bf3 Ne5 19. Bxe5 dxe5 20. Qe2 c5 21. b3
Bd7 22. Rf1 Bc6 23. Bh5 Be8 24. Rf3 Qg5 25. Bg4 Qc1+ 26. Kh2 Qxa3 27. Rhf1 b6
28. Be6 Ra7 29. Bd5 Qxb3 30. d4 Qa4 31. dxe5 Qd7 32. e6 Qd6+ 33. Kg1 a5 34. Qd2
Qe5 35. exf7+ Bxf7 36. Bxf7+ Raxf7 37. Rxf7 Rxf7 38. Qd8+ Kh7 39. Rxf7 Qa1+ 40.
Kh2 Qe5+ 41. Kg1 Qa1+ 42. Kh2 Qe5+ 43. Kg1 1/2-1/2

[Event "AUTO-OPEN-4484"]
[Site "http://www.queenalice.com/game.php?id=1836970"]
[Date "2024.5.16"]
[Round "3"]
[White "SamuraiJOM"]
[Black "Kn1ght1962"]
[Result "0-1"]
[WhiteElo "1759"]
[BlackElo "1778"]

1. e4 e5 2. Nf3 d6 3. Bc4 Qf6 4. O-O h6 5. c3 a6 6. a4 Nc6 7. d3 Nge7 8. Nbd2
Qg6 9. Nh4 Qg5 10. Ndf3 Bg4 11. Nxg5 Bxd1 12. Bxf7+ Kd8 13. Ne6+ Kd7 14. Rxd1 g5
15. Nf3 g4 16. Ne1 h5 17. Bg5 Rh7 18. Nxf8+ Rxf8 19. Bd5 Nxd5 20. exd5 Na5 21.
c4 Nb3 22. Ra3 Nd4 23. Rd2 h4 24. a5 h3 25. g3 Rg7 26. Bh4 Rgf7 27. b4 Re8 28.
b5 axb5 29. cxb5 Nxb5 30. Rb3 Nd4 31. Rxb7 Ref8 32. a6 Ra8 33. a7 Kc8 34. Rdb2
Ne2+ 35. Kh1 Rxf2 36. Rb8+ Kd7 37. Nf3 Rf1+ 0-1